000 00577nam a22001937a 4500
003 OSt
005 20160521113103.0
008 160521b xxu||||| |||| 00| 0 eng d
020 _a971-542-317-5
040 _cLIC
082 _22001
_aDFil 321.805
_bSa7
100 _98680
_aSarmiento, Abraham F.
245 _aDissent and resistance/
_cAbraham F. Sarmiento.
260 _aQuezon City:
_bUniversity of the Philippines Press,
_cc2001.
300 _ax, 342 pages:
_billustrations;
_c23 cm.
500 _aIncludes index.
650 0 _98681
_aDemocracy
_xSpeeches
942 _2ddc
_cDFIL
999 _c2632
_d2632